<?xml version="1.0" encoding="UTF-8"?>
<record
    xmlns:xsi="http://www.w3.org/2001/XMLSchema-instance"
    xsi:schemaLocation="http://www.loc.gov/MARC21/slim http://www.loc.gov/standards/marcxml/schema/MARC21slim.xsd"
    xmlns="http://www.loc.gov/MARC21/slim">

  <leader>00409nam a2200157Ia 4500</leader>
  <controlfield tag="008">230917s9999||||xx |||||||||||||| ||und||</controlfield>
  <datafield tag="040" ind1=" " ind2=" ">
    <subfield code="e">213225</subfield>
    <subfield code="a">MAIN</subfield>
  </datafield>
  <datafield tag="041" ind1=" " ind2=" ">
    <subfield code="a">English</subfield>
  </datafield>
  <datafield tag="082" ind1=" " ind2=" ">
    <subfield code="a">301.440954 S73C</subfield>
  </datafield>
  <datafield tag="100" ind1=" " ind2=" ">
    <subfield code="a">Sarkar, Sumit, ed.</subfield>
  </datafield>
  <datafield tag="245" ind1=" " ind2="0">
    <subfield code="a">Caste in modern India. 2V</subfield>
  </datafield>
  <datafield tag="260" ind1=" " ind2=" ">
    <subfield code="a">Ranikhet</subfield>
    <subfield code="b">Permanent Black</subfield>
    <subfield code="c">2014</subfield>
  </datafield>
  <datafield tag="300" ind1=" " ind2=" ">
    <subfield code="a">x, 532 p.</subfield>
  </datafield>
  <datafield tag="500" ind1=" " ind2=" ">
    <subfield code="a">4390 06/12/2013   Main Budget</subfield>
  </datafield>
  <datafield tag="942" ind1=" " ind2=" ">
    <subfield code="c">BK</subfield>
  </datafield>
  <datafield tag="952" ind1=" " ind2=" ">
    <subfield code="0">0</subfield>
    <subfield code="1">0</subfield>
    <subfield code="4">0</subfield>
    <subfield code="6">301_440954000000000_S73C</subfield>
    <subfield code="7">0</subfield>
    <subfield code="9">65436</subfield>
    <subfield code="a">MAIN</subfield>
    <subfield code="b">MAIN</subfield>
    <subfield code="d">2015-03-19</subfield>
    <subfield code="l">0</subfield>
    <subfield code="o">301.440954 S73C</subfield>
    <subfield code="p">309742</subfield>
    <subfield code="r">2023-09-17 20:39:06</subfield>
    <subfield code="w">2023-09-17</subfield>
    <subfield code="y">BK</subfield>
  </datafield>
  <datafield tag="952" ind1=" " ind2=" ">
    <subfield code="0">0</subfield>
    <subfield code="1">0</subfield>
    <subfield code="4">0</subfield>
    <subfield code="6">301_440954000000000_S73C</subfield>
    <subfield code="7">0</subfield>
    <subfield code="9">65437</subfield>
    <subfield code="a">MAIN</subfield>
    <subfield code="b">MAIN</subfield>
    <subfield code="d">2015-03-19</subfield>
    <subfield code="l">0</subfield>
    <subfield code="o">301.440954 S73C</subfield>
    <subfield code="p">309743</subfield>
    <subfield code="r">2023-09-17 20:39:06</subfield>
    <subfield code="w">2023-09-17</subfield>
    <subfield code="y">BK</subfield>
  </datafield>
  <datafield tag="952" ind1=" " ind2=" ">
    <subfield code="0">0</subfield>
    <subfield code="1">0</subfield>
    <subfield code="4">0</subfield>
    <subfield code="6">301_440954000000000_S73C</subfield>
    <subfield code="7">0</subfield>
    <subfield code="9">65438</subfield>
    <subfield code="a">MAIN</subfield>
    <subfield code="b">MAIN</subfield>
    <subfield code="d">2015-03-19</subfield>
    <subfield code="l">0</subfield>
    <subfield code="o">301.440954 S73C</subfield>
    <subfield code="p">334852</subfield>
    <subfield code="r">2023-09-17 20:39:06</subfield>
    <subfield code="w">2023-09-17</subfield>
    <subfield code="y">BK</subfield>
  </datafield>
  <datafield tag="952" ind1=" " ind2=" ">
    <subfield code="0">0</subfield>
    <subfield code="1">0</subfield>
    <subfield code="4">0</subfield>
    <subfield code="6">301_440954000000000_S73C</subfield>
    <subfield code="7">0</subfield>
    <subfield code="9">65439</subfield>
    <subfield code="a">MAIN</subfield>
    <subfield code="b">MAIN</subfield>
    <subfield code="d">2015-03-19</subfield>
    <subfield code="l">0</subfield>
    <subfield code="o">301.440954 S73C</subfield>
    <subfield code="p">334853</subfield>
    <subfield code="r">2023-09-17 20:39:06</subfield>
    <subfield code="w">2023-09-17</subfield>
    <subfield code="y">BK</subfield>
  </datafield>
  <datafield tag="952" ind1=" " ind2=" ">
    <subfield code="0">0</subfield>
    <subfield code="1">0</subfield>
    <subfield code="4">0</subfield>
    <subfield code="6">301_440954000000000_S73C</subfield>
    <subfield code="7">0</subfield>
    <subfield code="9">65440</subfield>
    <subfield code="a">MAIN</subfield>
    <subfield code="b">MAIN</subfield>
    <subfield code="d">2015-03-19</subfield>
    <subfield code="l">0</subfield>
    <subfield code="o">301.440954 S73C</subfield>
    <subfield code="p">342046</subfield>
    <subfield code="r">2023-09-17 20:39:06</subfield>
    <subfield code="w">2023-09-17</subfield>
    <subfield code="y">BK</subfield>
  </datafield>
  <datafield tag="952" ind1=" " ind2=" ">
    <subfield code="0">0</subfield>
    <subfield code="1">0</subfield>
    <subfield code="4">0</subfield>
    <subfield code="6">301_440954000000000_S73C</subfield>
    <subfield code="7">0</subfield>
    <subfield code="9">65441</subfield>
    <subfield code="a">MAIN</subfield>
    <subfield code="b">MAIN</subfield>
    <subfield code="d">2015-03-19</subfield>
    <subfield code="l">0</subfield>
    <subfield code="o">301.440954 S73C</subfield>
    <subfield code="p">342047</subfield>
    <subfield code="r">2023-09-17 20:39:06</subfield>
    <subfield code="w">2023-09-17</subfield>
    <subfield code="y">BK</subfield>
  </datafield>
  <datafield tag="999" ind1=" " ind2=" ">
    <subfield code="c">34628</subfield>
    <subfield code="d">34628</subfield>
  </datafield>
</record>
